The FSLN: prioritizing crises /
sin resumen
Guardat en:
| Autor principal: | |
|---|---|
| Format: | Text |
| Etiquetes: |
Afegir etiqueta
Sense etiquetes, Sigues el primer a etiquetar aquest registre!
|
MARC
| LEADER | 00000 a a2200000 04500 | ||
|---|---|---|---|
| 001 | 2686 | ||
| 003 | |||
| 040 | |||
| 100 | |a Leonard, Julie | ||
| 245 | |a The FSLN: |b prioritizing crises / |c Julie Leonard | ||
| 520 | |a sin resumen | ||
| 773 | |g volumen 15, número 1; páginas 8-10 | ||
| 999 | |c 26443 |d 26443 | ||
